01327nam a2200205 a 450000100060000000300090000600800410001502000150005604000280007108200160009910000540011524500450016925000060021426000710022030000090029150507070030065000380100765000350104565000410108022149CO-ViMGA141112s2004 ck r 000 u spa d a8485441745 aCO-ViMGAbspacCO-ViMGA04a338.1 C153c1 aCaldentey Albert, Pedro; Haro Gimenez, Tomás de10aComercialización de productos agrarios a5 aMadrid : bAgricola Española, cEdiciones Mundi - Prensa, c2004 a354p aComercialización 9 - - Agentes y canales de comercialización 21 - - Industrias agrarias 57 - - Sistemas modernos de distribución 73 - - Formas de compra - venta 93 - - Cooperativa de agricultores 123 - - Centros de contratación y "mercados" en zonas de producción 143 - - Mercados en zonas de consumo 161 - - Mercados de futuros y opciones 177 - - Margenes de comercialización 199 - - Normalización y su control 221 - - L a calidad en los productos agroalimentarios 243 - - Productos con características especiales 259 - - Envases y embalajes 275 - - Formación de precios 289 - - Almacenamiento y precios en el tiempo 313 - - Transporte y precios en el espacio 325 - - Marketing 333 14aAGRICULTURA - ASPECTOS ECONOMICOS14aMERCADO DE PRODUCTOS AGRICOLAS14aPRODUCTO AGRICOLA COMERCIALIZACIÓN